LEADER 00747nam0-2200277 --450 001 9911045828803321 005 20251210155545.0 010 $a978-88-15-39372-2 100 $a20251210d2025----kmuy0itay5050 ba 101 0 $aita 102 $aIT 105 $a 001yy 200 1 $aPrincipi di diritto d'autore$fGiorgio Spedicato 205 $a2. ed. 210 $aBologna$cil Mulino$d2025 215 $a235 p.$d22 cm 225 1 $aItinerari. Diritto 676 $a346.0482$v23$zita 700 1$aSpedicato,$bGiorgio$0788709 801 0$aIT$bUNINA$gREICAT$2UNIMARC 901 $aBK 912 $a9911045828803321 952 $aVIII I 622$b2025/1943$fFGBC 959 $aFGBC 996 $aPrincipi di diritto d'Autore$91758445 997 $aUNINA